000 00617nam a22002057a 4500
005 20161129153053.0
010 _aENG-116702
020 _a9788184845464
_c1080.00
035 _aEN-100234
037 _bDBAD/PUB
082 _a658
245 _aIndustrial organization and managment /
_cedited by Shagun Ahuja [and] R.K.Sharma
260 _aNew Delhi
_bRegal Publications
_c2016
270 _aF-159, Rajouri Garden
_bNew Delhi
_e110027
300 _axiii,259p. :
_c23cm(Hb)
_bill
500 _aIncludes index
700 _a Ahuja.Shagun
700 _aSharma,R.K.
942 _2ddc
_cEN
_h658
_mIND
999 _c104837
_d104837